| 000 | 00760nam a2200241 a 4500 | ||
|---|---|---|---|
| 999 |
_c8917 _d8917 |
||
| 001 | 8917 | ||
| 003 | BD-JhCC | ||
| 005 | 20180305180302.0 | ||
| 008 | 180305s1998 bg |||| |||| 001 0 ben d | ||
| 020 | _a9840738003 | ||
| 035 | _a(BD-JhCC)8917 | ||
| 040 |
_aBD-JhCC _dBD-JhCC |
||
| 041 | _aBen | ||
| 082 |
_a521 _bHAZ 1998 |
||
| 100 | _aহাজরা, এ.কে. | ||
| 245 |
_aমেট্রিক্স:বীজগণিত,ক্যালকুলাস এবং জেনারালাইজড ইনভার্স / _c এ.কে. হাজরা |
||
| 260 |
_aঢাকা : _bবাংলা একাডেমী, _c1998. |
||
| 300 |
_a448 p .: _c24 c.m |
||
| 650 | _aMatrices | ||
| 650 | _aalgebra | ||
| 942 |
_2ddc _cBK |
||